00772nam a2200205 i 450000100060000000300090000600500170001500700030003200800410003510000330007624501380010926000350024730000220028249000240030470000350032883000320036385200320039599900170042795201220044432560ES-MaACL20230906154608.0t|030131s1979 sp ||||1| spa d1 aBernstein, Richard J.92836210aPraxis y acción b: enfoques contemporáneos de la actividad humana / cRichard J. Bernstein ; versión de Gabreil Bello Reguera. a[Madrid] : bAlianza, c[1979] a346 p. ; c20 cm.1 aAlianza universidad1 aBello Reguera, Gabriel.9272480 aAlianza universidad9177276 aES-MaACLjA-10214 bR.99037 c32560d32560 00104070aATENEOMbATENEOMcDEPO1d2008-01-17eSCl0oA-10214p1033749r2023-02-23 00:00:00w2023-02-23yMONOGRAFIA